[Event "DVM U20 2017"]
[Site "Düsseldorf GER"]
[Date "2017.12.29"]
[Round "5"]
[White "Savchenko, Daniel"]
[Black "Oberhofer, Cédric"]
[Result "1/2-1/2"]
[Termination "normal"]
[Board "6.1"]
[WhiteElo "2080"]
[BlackElo "2120"]
[WhiteTeam "Düsseldorfer SK"]
[BlackTeam "SC Bavaria Regensburg"]
[PlyCount "86"]
[WhiteFideId "12919195"]
[BlackFideId "12941220"]
[EventCountry "GER"]
[EventRounds "7"]
[EventType "team-swiss"]
[EventDate "2017.12.26"]

1. e4 c5 2. Nf3 Nc6 3. d4 cxd4 4. Nxd4 Qb6 5. Nb3 Nf6 6. Nc3 e6 7. Bd3 Be7 8.
Qe2 Qc7 9. Bd2 a6 10. a4 O-O 11. f4 d5 12. e5 Nd7 13. O-O f6 14. Qh5 f5 15. Ne2
Nc5 16. Nxc5 Bxc5+ 17. Kh1 Nb4 18. Qf3 Nxd3 19. Qxd3 Bd7 20. c3 Rac8 21. Be3
Be7 22. b4 Qc4 23. Qd2 Kh8 24. Rfc1 h6 25. Nd4 Rg8 26. Nf3 Rgf8 27. h4 Ra8 28.
Kg1 Rfc8 29. Kf2 a5 30. b5 Bc5 31. Nd4 h5 32. Qd1 g6 33. Qf3 Kg7 34. Qd1 Kf7
35. Qd2 Kg7 36. Kg3 Kf7 37. Nf3 Kg7 38. Bd4 b6 39. Qe3 Bxd4 40. Nxd4 Rc7 41.
Kf2 Rac8 42. Ke1 Qc5 43. Kd2 Qe7 1/2-1/2

[Event "DVM U20 2017"]
[Site "Düsseldorf GER"]
[Date "2017.12.29"]
[Round "5"]
[White "Gabler, Eric"]
[Black "Lechner, Alexander"]
[Result "1-0"]
[Termination "normal"]
[Board "6.2"]
[WhiteElo "2078"]
[BlackElo "1830"]
[WhiteTeam "SC Bavaria Regensburg"]
[BlackTeam "Düsseldorfer SK"]
[PlyCount "73"]
[WhiteFideId "12949841"]
[BlackFideId "12956074"]
[EventCountry "GER"]
[EventRounds "7"]
[EventType "team-swiss"]
[EventDate "2017.12.26"]

1. d4 Nf6 2. c4 e6 3. Nf3 Bb4+ 4. Bd2 Be7 5. Nc3 d5 6. Bg5 Nbd7 7. e3 h6 8. Bf4
c6 9. h3 Qa5 10. Nd2 O-O 11. Bd3 a6 12. c5 Re8 13. Bh2 Bf8 14. f4 g6 15. Qc2
Bg7 16. g4 Nf8 17. O-O-O b5 18. Rdg1 N6h7 19. h4 f5 20. Nf3 b4 21. Ne2 Nf6 22.
Ne5 Ne4 23. Bxe4 Bxe5 24. Bd3 Bg7 25. Kb1 Qc7 26. Bg3 Qf7 27. Be1 a5 28. h5 Ba6
29. hxg6 Nxg6 30. Rh2 Bxd3 31. Qxd3 Ne7 32. g5 h5 33. Ng3 h4 34. Rxh4 Ng6 35.
Rh3 Qb7 36. Rgh1 Kf7 37. Nxf5 1-0

[Event "DVM U20 2017"]
[Site "Düsseldorf GER"]
[Date "2017.12.29"]
[Round "5"]
[White "Ließ, Alexander"]
[Black "Kaplun, David"]
[Result "1/2-1/2"]
[Termination "normal"]
[Board "6.4"]
[WhiteElo "1770"]
[BlackElo "1958"]
[WhiteTeam "SC Bavaria Regensburg"]
[BlackTeam "Düsseldorfer SK"]
[PlyCount "44"]
[WhiteFideId "16221338"]
[BlackFideId "12901954"]
[EventCountry "GER"]
[EventRounds "7"]
[EventType "team-swiss"]
[EventDate "2017.12.26"]

1. d4 d5 2. c4 e6 3. Nc3 Nf6 4. cxd5 exd5 5. Bg5 Nbd7 6. e3 c6 7. Bd3 Be7 8.
Nf3 O-O 9. O-O Re8 10. Qc2 g6 11. a3 Nh5 12. Bxe7 Qxe7 13. b4 Nb6 14. Na4 Ng7
15. Nc5 Bf5 16. Nd2 Bxd3 17. Qxd3 Ne6 18. a4 a5 19. Nxe6 Qxe6 20. bxa5 Rxa5 21.
Qb3 Ra6 22. a5 Rea8 1/2-1/2

[Event "DVM U20 2017"]
[Site "Düsseldorf GER"]
[Date "2017.12.29"]
[Round "5"]
[White "Oezdemir, Edwin-Daniel"]
[Black "Brüll, Elias"]
[Result "0-1"]
[Termination "normal"]
[Board "6.5"]
[WhiteElo "1790"]
[BlackElo "1802"]
[WhiteTeam "Düsseldorfer SK"]
[BlackTeam "SC Bavaria Regensburg"]
[PlyCount "88"]
[WhiteFideId "12919055"]
[BlackFideId "12964921"]
[EventCountry "GER"]
[EventRounds "7"]
[EventType "team-swiss"]
[EventDate "2017.12.26"]

1. e4 c5 2. Nf3 d6 3. d4 cxd4 4. Nxd4 Nf6 5. Nc3 a6 6. f4 e5 7. Nf3 Qc7 8. Bd3
Be7 9. O-O b5 10. a3 Bb7 11. Qe1 Nbd7 12. b4 Rc8 13. Nd1 O-O 14. Nf2 Rfe8 15.
Bd2 exf4 16. Bxf4 Ne5 17. Nh4 Nh5 18. Nh3 Nxf4 19. Rxf4 Bf6 20. Rd1 Qc3 21. Qg3
Ng6 22. Nxg6 fxg6 23. Rf3 Qe5 24. Qxe5 {(=)} Bxe5 25. Rd2 Bd4+ 26. Kf1 Bxe4 27.
Bxe4 Rxe4 28. Rfd3 Be5 29. Ng5 Rec4 30. Nf3 Rxc2 31. Rxc2 Rxc2 32. Nxe5 dxe5
33. Re3 Ra2 34. Rxe5 Rxa3 35. Kf2 Kf7 36. Re3 Rxe3 37. Kxe3 Ke6 38. Ke4 Kd6 39.
Kd4 Kc6 40. Kc3 Kd5 41. Kd3 h6 42. h4 h5 43. g3 g5 44. hxg5 g6 0-1

[Event "DVM U20 2017"]
[Site "Düsseldorf GER"]
[Date "2017.12.29"]
[Round "5"]
[White "Sammet, Dominik"]
[Black "Wiedenbruch, Paul"]
[Result "0-1"]
[Termination "normal"]
[Board "6.6"]
[WhiteElo "1678"]
[BlackElo "1391"]
[WhiteTeam "SC Bavaria Regensburg"]
[BlackTeam "Düsseldorfer SK"]
[PlyCount "88"]
[WhiteFideId "12987875"]
[BlackFideId "16207343"]
[EventCountry "GER"]
[EventRounds "7"]
[EventType "team-swiss"]
[EventDate "2017.12.26"]

1. e4 {[%emt 0:00:00]} c5 2. Nf3 d6 3. d4 cxd4 4. Nxd4 Nf6 5. Nc3 Nc6 6. Be2 g6
7. O-O Bg7 8. Be3 O-O 9. Kh1 a6 10. f4 Bd7 11. Bf3 Rc8 12. g4 b5 13. g5 Ne8 14.
h4 Nc7 15. Bg2 b4 16. Nce2 Na5 17. f5 Nc4 18. Bc1 Nb5 19. Rb1 Ne5 20. Bf4 Qc7
21. Rc1 Qc4 22. b3 Qc7 23. Qd2 Nxd4 24. Nxd4 a5 25. Bg3 Qc3 26. Qxc3 Rxc3 27.
Be1 Rc7 28. c4 Rfc8 29. Bf2 Nd3 30. Rcd1 Nxf2+ 31. Rxf2 Rc5 32. Bh3 Re5 33. Rf4
gxf5 34. Nxf5 Bxf5 35. exf5 Rcc5 36. f6 Bf8 37. Rdf1 e6 38. Bg4 h6 39. g6 fxg6
40. f7+ Kg7 41. Rf6 Rc7 42. R6f4 Re7 43. Kg2 h5 44. Bd1 Rf5 0-1

[Event "DVM U20 2017"]
[Site "Düsseldorf GER"]
[Date "2017.12.29"]
[Round "5"]
[White "Hecht, Carsten"]
[Black "Syrov, Arkadi"]
[Result "1/2-1/2"]
[Termination "normal"]
[Board "7.1"]
[WhiteElo "2232"]
[BlackElo "2279"]
[WhiteTeam "LSV Turm Lippstadt"]
[BlackTeam "SK Frankenthal"]
[PlyCount "41"]
[WhiteFideId "24693928"]
[BlackFideId "12942448"]
[EventCountry "GER"]
[EventRounds "7"]
[EventType "team-swiss"]
[EventDate "2017.12.26"]

1. e4 e5 2. Nf3 Nc6 3. Bb5 f5 4. Nc3 fxe4 5. Nxe4 Nf6 6. Nxf6+ Qxf6 7. Qe2 Be7
8. Bxc6 bxc6 9. Qxe5 d6 10. Qxf6 Bxf6 11. d4 Bg4 12. Be3 Bxf3 13. gxf3 O-O 14.
Ke2 Rab8 15. b3 Rb5 16. Rag1 Rh5 17. Rg4 Rh3 18. Rg3 Rh4 19. Rg4 Rh3 20. Rg3
Rh4 21. Rg4 1/2-1/2

[Event "DVM U20 2017"]
[Site "Düsseldorf GER"]
[Date "2017.12.29"]
[Round "5"]
[White "Tresch, Lukas"]
[Black "Kruse, Janik"]
[Result "1-0"]
[Termination "normal"]
[Board "7.2"]
[WhiteElo "2020"]
[BlackElo "2052"]
[WhiteTeam "SK Frankenthal"]
[BlackTeam "LSV Turm Lippstadt"]
[PlyCount "75"]
[WhiteFideId "12938866"]
[BlackFideId "16200250"]
[EventCountry "GER"]
[EventRounds "7"]
[EventType "team-swiss"]
[EventDate "2017.12.26"]

1. e4 e5 2. Nf3 Nc6 3. Bc4 Bc5 4. c3 Nf6 5. d3 a6 6. Bb3 Ba7 7. O-O d6 8. Nbd2
h6 9. Re1 O-O 10. h3 Be6 11. Nf1 Re8 12. Ng3 d5 13. exd5 Nxd5 14. d4 exd4 15.
cxd4 Qd7 16. a3 Rad8 17. Ne5 Nxe5 18. dxe5 Qe7 19. Qf3 Bd4 20. Qe4 Qc5 21. Re2
Nf4 22. Bxf4 Bxb3 23. Rc1 Qb6 24. Nf5 Bc5 25. Bxh6 g6 26. Qh4 f6 27. Rxc5 gxf5
28. Qg3+ Kf7 29. Qg7+ Ke6 30. exf6+ Kd6 31. Rxe8 Rxe8 32. f7 Re1+ 33. Kh2 Bxf7
34. Qd4+ Ke6 35. Qd5+ Ke7 36. Qxf5 Qxh6 37. Rxc7+ Kd6 38. Qc5+ 1-0

[Event "DVM U20 2017"]
[Site "Düsseldorf GER"]
[Date "2017.12.29"]
[Round "5"]
[White "Kettler, Ilija Jonas"]
[Black "Mäurer, Fabian"]
[Result "0-1"]
[Termination "normal"]
[Board "7.3"]
[WhiteElo "2032"]
[BlackElo "1968"]
[WhiteTeam "LSV Turm Lippstadt"]
[BlackTeam "SK Frankenthal"]
[PlyCount "114"]
[WhiteFideId "16216610"]
[BlackFideId "12965944"]
[EventCountry "GER"]
[EventRounds "7"]
[EventType "team-swiss"]
[EventDate "2017.12.26"]

1. d4 g6 2. c4 Bg7 3. g3 c5 4. Nf3 cxd4 5. Nxd4 Nc6 6. Nb3 Nf6 7. Bg2 d6 8. Nc3
O-O 9. O-O Be6 10. Nd5 Nd7 11. Rb1 Rc8 12. Nd2 a6 13. b3 Bxd5 14. Bxd5 Nb4 15.
Bb2 Nxd5 16. cxd5 Bxb2 17. Rxb2 b5 18. Nf3 Nf6 19. Qd2 Rc5 20. Rc1 Rxd5 21. Qe3
Qd7 22. Rbc2 Rh5 23. h4 Nd5 24. Qd4 a5 25. Kg2 b4 26. g4 e5 27. Qxd5 Qxg4+ 28.
Kh1 e4 29. Nh2 Qf4 30. e3 Qxh2+ 31. Kxh2 Rxd5 32. Kg3 Re8 33. Rc4 Rd2 34. a3
bxa3 35. Ra4 a2 36. Rxa5 Rb8 37. Rc7 Rxb3 38. Ra8+ Kg7 39. Raa7 a1=Q 40. Rxa1
Rbb2 41. Rf1 d5 42. Rd7 Kf6 43. Rc7 Kg7 44. Rd7 Rb6 45. Rc1 Rf6 46. Rf1 Rf3+
47. Kg2 Kh6 48. Rd6 Kh5 49. Rd7 Kg4 50. Rd6 h5 51. Rd7 Kxh4 52. Re7 Kg4 53. Re5
h4 54. Rg1 Rfxf2+ 55. Kh1+ Kh3 56. Rg2 Rd1+ 57. Rg1 Rh2# 0-1

[Event "DVM U20 2017"]
[Site "Düsseldorf GER"]
[Date "2017.12.29"]
[Round "5"]
[White "Stein, Daniel"]
[Black "Kuckling, Linus"]
[Result "0-1"]
[Termination "normal"]
[Board "7.4"]
[WhiteElo "1960"]
[BlackElo "1804"]
[WhiteTeam "SK Frankenthal"]
[BlackTeam "LSV Turm Lippstadt"]
[PlyCount "126"]
[WhiteFideId "12939307"]
[BlackFideId "24658243"]
[EventCountry "GER"]
[EventRounds "7"]
[EventType "team-swiss"]
[EventDate "2017.12.26"]

1. d4 {[%emt 0:00:00]} Nf6 {[%emt 0:00:00]} 2. g3 g6 3. Bg2 Bg7 4. Nf3 O-O 5.
O-O d6 6. c4 c5 7. Nc3 Nc6 8. dxc5 dxc5 9. Be3 Nd7 10. Qd2 Nce5 11. Nxe5 Nxe5
12. Qxd8 Rxd8 13. Bxc5 Nxc4 14. Bxe7 Rd2 15. Rfd1 Be6 16. Rxd2 Nxd2 17. Nd5
Bxd5 18. Bxd5 Re8 19. Bb4 Rd8 20. Bxb7 Bxb2 21. Rd1 Nf3+ 22. Bxf3 Rxd1+ 23. Kg2
Rd4 24. a3 Rc4 25. Bd5 Rc2 26. Kf3 Bc3 27. Bc5 a5 28. a4 Kg7 29. Be7 Bb4 30.
Bg5 f6 31. Bf4 g5 32. Bb8 Rc8 33. Ba7 Bc5 34. Be6 Rc6 35. Bd7 Rc7 36. Bxc5 Rxc5
37. g4 Kf7 38. Ke3 Re5+ 39. Kf3 Ke7 40. Bc8 Kd6 41. e3 Kc5 42. Bd7 Rd5 43. Be8
Rd8 44. Bb5 Rb8 45. Bd7 Rb4 46. h3 Rb2 47. Kg3 Kb4 48. f4 Ra2 49. h4 h6 50.
hxg5 hxg5 51. Kf3 Rxa4 52. Ke4 Ra1 53. Kf5 gxf4 54. exf4 Rf1 55. Kxf6 Rxf4+ 56.
Ke7 Re4+ 57. Be6 a4 58. g5 a3 59. g6 a2 60. g7 Rxe6+ 61. Kxe6 a1=Q 62. Kf7 Qf1+
63. Ke8 Qc4 0-1

[Event "DVM U20 2017"]
[Site "Düsseldorf GER"]
[Date "2017.12.29"]
[Round "5"]
[White "Neudorf, Noah Levin"]
[Black "Syrov, Katharina"]
[Result "1-0"]
[Termination "normal"]
[Board "7.5"]
[WhiteElo "1830"]
[BlackElo "1228"]
[WhiteTeam "LSV Turm Lippstadt"]
[BlackTeam "SK Frankenthal"]
[PlyCount "43"]
[WhiteFideId "12965693"]
[BlackFideId "16255941"]
[EventCountry "GER"]
[EventRounds "7"]
[EventType "team-swiss"]
[EventDate "2017.12.26"]

1. b3 {[%emt 0:00:00]} e5 2. Bb2 Nc6 3. e3 e4 4. d3 d5 5. dxe4 dxe4 6. Qxd8+
Nxd8 7. Nd2 f5 8. f3 Bb4 9. Bxg7 Nf7 10. Bc4 Ngh6 11. Bxf7+ Nxf7 12. Bxh8 Nxh8
13. O-O-O Bc5 14. fxe4 fxe4 15. Nxe4 Bxe3+ 16. Kb1 Ke7 17. Nf3 Bg4 18. Rhe1 Bb6
19. Nf2+ Be6 20. Ng5 Kf6 21. Rxe6+ Kxg5 22. Rd5+ 1-0

[Event "DVM U20 2017"]
[Site "Düsseldorf GER"]
[Date "2017.12.29"]
[Round "5"]
[White "Cygal, Marcel"]
[Black "Homfeldt, Christopher"]
[Result "0-1"]
[Termination "normal"]
[Board "7.6"]
[WhiteElo "1500"]
[BlackElo "1743"]
[WhiteTeam "SK Frankenthal"]
[BlackTeam "LSV Turm Lippstadt"]
[PlyCount "58"]
[WhiteFideId "16255950"]
[BlackFideId "16220293"]
[EventCountry "GER"]
[EventRounds "7"]
[EventType "team-swiss"]
[EventDate "2017.12.26"]

1. e4 c5 2. Nc3 Nc6 3. Nf3 d6 4. Bc4 g6 5. d3 Bg7 6. Bd2 e6 7. O-O Nge7 8. Re1
a6 9. a4 O-O 10. Be3 d5 11. Bb3 d4 12. Bd2 dxc3 13. Bxc3 Nd4 14. e5 Nec6 15.
Re4 b6 16. Bc4 Bb7 17. Nxd4 Nxd4 18. Re3 Qg5 19. Rg3 Qxe5 20. Qg4 Qf5 21. f3
Ne2+ 22. Kf2 Nxg3 23. Qxg3 Bxc3 24. bxc3 Bd5 25. Bxd5 exd5 26. Re1 Rfe8 27. Qg4
Rxe1 28. Qxf5 gxf5 29. Kxe1 Re8+ 0-1

[Event "DVM U20 2017"]
[Site "Düsseldorf GER"]
[Date "2017.12.29"]
[Round "5"]
[White "Siegert, Gregor"]
[Black "Degenhard, Simon"]
[Result "0-1"]
[Termination "normal"]
[Board "8.1"]
[WhiteElo "1750"]
[BlackElo "2183"]
[WhiteTeam "Schachforum Darmstadt"]
[BlackTeam "Heilbronner SV"]
[PlyCount "70"]
[WhiteFideId "1271250"]
[BlackFideId "12944017"]
[EventCountry "GER"]
[EventRounds "7"]
[EventType "team-swiss"]
[EventDate "2017.12.26"]

1. e4 c5 2. Nf3 g6 3. d4 cxd4 4. Nxd4 Bg7 5. c4 Nc6 6. Nc2 Nf6 7. Nc3 d6 8. Be2
O-O 9. O-O Nd7 10. Bd2 Nc5 11. f3 a5 12. b3 Be6 13. Kh1 Qb6 14. Rb1 Rfc8 15.
Nd5 Qd8 16. Be3 Ra6 17. a3 Raa8 18. Qd2 a4 19. b4 Nb3 20. Qd1 Bxd5 21. Qxd5 e6
22. Qb5 Qc7 23. Bb6 Qe7 24. Rbd1 Ne5 25. f4 Nd7 26. Be3 Nf6 27. e5 Ne4 28. Rd3
dxe5 29. fxe5 Rd8 30. Rfd1 Rxd3 31. Rxd3 Qh4 32. Kg1 Nc1 33. Bf1 Nxd3 34. Bxd3
Rd8 35. Be2 Nc3 0-1

[Event "DVM U20 2017"]
[Site "Düsseldorf GER"]
[Date "2017.12.29"]
[Round "5"]
[White "Mikeler, Marcel"]
[Black "Tampe, Alexander"]
[Result "1/2-1/2"]
[Termination "normal"]
[Board "8.2"]
[WhiteElo "1863"]
[BlackElo "1695"]
[WhiteTeam "Heilbronner SV"]
[BlackTeam "Schachforum Darmstadt"]
[PlyCount "68"]
[WhiteFideId "12927856"]
[BlackFideId "12921572"]
[EventCountry "GER"]
[EventRounds "7"]
[EventType "team-swiss"]
[EventDate "2017.12.26"]

1. d4 d5 2. c4 e6 3. Nc3 Nf6 4. cxd5 exd5 5. Bg5 c6 6. Qc2 Be7 7. e3 h6 8. Bh4
Nbd7 9. Bd3 Nb6 10. Nge2 Bd7 11. O-O Qc7 12. Bg3 Qd8 13. Rab1 Nh5 14. Be5 Bf6
15. b4 Qe7 16. f4 Bxe5 17. fxe5 O-O-O 18. a4 g6 19. a5 Nc4 20. Bxc4 dxc4 21.
Ne4 Bf5 22. Nd6+ Rxd6 23. Rxf5 gxf5 24. exd6 Qxe3+ 25. Kf1 Qe4 26. Rc1 Rg8 27.
Qxe4 fxe4 28. Rxc4 Kd7 29. d5 cxd5 30. Rc7+ Kxd6 31. Rxf7 Rg7 32. Rf5 Rg5 33.
Rf7 Rg7 34. Rf5 Rg5 1/2-1/2

[Event "DVM U20 2017"]
[Site "Düsseldorf GER"]
[Date "2017.12.29"]
[Round "5"]
[White "Bühler, Severin"]
[Black "Tampe, Friederike"]
[Result "1-0"]
[Termination "normal"]
[Board "8.4"]
[WhiteElo "1846"]
[BlackElo "1461"]
[WhiteTeam "Heilbronner SV"]
[BlackTeam "Schachforum Darmstadt"]
[PlyCount "57"]
[WhiteFideId "16203178"]
[BlackFideId "12973939"]
[EventCountry "GER"]
[EventRounds "7"]
[EventType "team-swiss"]
[EventDate "2017.12.26"]

1. e4 e5 2. Nf3 Nc6 3. Bb5 a6 4. Ba4 Nf6 5. O-O b5 6. Bb3 Be7 7. Re1 O-O 8. c3
d6 9. h3 Bb7 10. d4 h6 11. Nbd2 exd4 12. cxd4 Re8 13. Nf1 Nd7 14. Ng3 Na5 15.
Bc2 c5 16. d5 Bf8 17. b3 Rc8 18. Re3 Ba8 19. Bb2 Nb6 20. Qd2 Nb7 21. Nf5 Rc7
22. N3h4 g5 23. Rg3 f6 24. f4 Kf7 25. fxg5 hxg5 26. Nf3 Be7 27. Rf1 Rg8 28.
Nh6+ Kg7 29. Qxg5+ 1-0

[Event "DVM U20 2017"]
[Site "Düsseldorf GER"]
[Date "2017.12.29"]
[Round "5"]
[White "Münk, Johannes"]
[Black "Ignatov, Dmitriy"]
[Result "1/2-1/2"]
[Termination "normal"]
[Board "8.5"]
[WhiteElo "1540"]
[BlackElo "1759"]
[WhiteTeam "Schachforum Darmstadt"]
[BlackTeam "Heilbronner SV"]
[PlyCount "82"]
[WhiteFideId "16241983"]
[BlackFideId "12927872"]
[EventCountry "GER"]
[EventRounds "7"]
[EventType "team-swiss"]
[EventDate "2017.12.26"]

1. d4 Nf6 2. Bf4 g6 3. Nc3 Bg7 4. e4 d6 5. h4 Nbd7 6. Nf3 c5 7. e5 Nh5 8. Bh2
cxd4 9. Qxd4 dxe5 10. Qc4 O-O 11. O-O-O Qa5 12. Rd5 Qb6 13. Rb5 Qd8 14. g4 Nb6
15. Qb4 Nf6 16. Nxe5 Nfd5 17. Nxd5 Nxd5 18. Qc5 a6 19. Nxf7 Rxf7 20. Qxd5 Qxd5
21. Rxd5 Rxf2 22. Rd8+ Rf8 23. Bc4+ Kh8 24. Rxf8+ Bxf8 25. Rf1 Bxg4 26. Rf7 Bg7
27. Rxe7 Rd8 28. c3 Bf5 29. Bf4 b5 30. Bb3 a5 31. a3 h5 32. Bg5 Rc8 33. Kd2
Rd8+ 34. Ke2 Bd3+ 35. Ke3 Bf5 36. Bf7 Rf8 37. Re8 Rxe8+ 38. Bxe8 b4 39. axb4
axb4 40. cxb4 Bxb2 41. Bd8 Kg7 {(=)} 1/2-1/2

[Event "DVM U20 2017"]
[Site "Düsseldorf GER"]
[Date "2017.12.29"]
[Round "5"]
[White "Schäfer, Daniel"]
[Black "Röth, Alexander"]
[Result "1-0"]
[Termination "normal"]
[Board "8.6"]
[WhiteElo "1797"]
[BlackElo "1361"]
[WhiteTeam "Heilbronner SV"]
[BlackTeam "Schachforum Darmstadt"]
[PlyCount "91"]
[WhiteFideId "16235088"]
[BlackFideId "16255976"]
[EventCountry "GER"]
[EventRounds "7"]
[EventType "team-swiss"]
[EventDate "2017.12.26"]

1. d4 d5 2. c4 e6 3. Nc3 Nf6 4. Bg5 c6 5. Nf3 Bd6 6. e3 Nbd7 7. Bd3 dxc4 8.
Bxc4 b5 9. Bd3 Bb7 10. O-O O-O 11. Rc1 Rc8 12. Ne4 Be7 13. Nc5 Nxc5 14. dxc5 a5
15. e4 Qc7 16. Qc2 h6 17. Bh4 Rcd8 18. Rfd1 Nh5 19. Bxe7 Qxe7 20. b3 Nf4 21. a3
Nxd3 22. Rxd3 Rxd3 23. Qxd3 Rd8 24. Qc3 Qc7 25. h3 Qf4 26. Re1 Qf6 27. Qxa5 Rd3
28. Qc7 Ba8 29. Qb8+ Qd8 30. Qxd8+ Rxd8 31. Re2 Rd3 32. Rd2 Rxd2 33. Nxd2 e5
34. a4 Kf8 35. axb5 cxb5 36. b4 Ke7 37. f3 Ke6 38. Kf2 g6 39. Ke3 f5 40. h4 f4+
41. Kf2 g5 {(=)} 42. hxg5 hxg5 43. g3 fxg3+ 44. Kxg3 Kf6 45. Nf1 Bc6 46. Ne3
1-0